000 00405nam a2200181Ia 4500
001 17340
005 20260306171510.0
008 260306s9999||||xx |||||||||||||| ||und||
041 _aESP
082 _a657.7
_bW27 2011
100 _aWarren, Carl S.
_eAUT
245 0 _aContabilidad administrativa
260 _c2011
300 _a
_c
650 _aGEN
654 _aCCO
942 _cLIB
_dJUS
_fJUS
_2ddc
_n
999 _c17340
_d17340